Identifikácia klastrov v odvetviach kreatívneho priemyslu v Slovenskej republike

Štruktúra kreatívneho priemyslu v SR. Analýza a identifikovanie potenciálnych odvetví vhodných pre vznik klastrov v oblasti kreatívneho priemyslu v Slovenskej republike prostredníctvom aplikácie kvantitatívnej metódy Shift – share analýzy.

Guardado en:
Detalles Bibliográficos
Autor principal: Havierniková, Katarína
Otros Autores: Janský, Boris
Formato: Capítulo de libro
Lenguaje:eslovaco
Materias:
Etiquetas: Agregar Etiqueta
Sin Etiquetas, Sea el primero en etiquetar este registro!

MARC

LEADER 00000nla a2200000 4500
001 0182792
005 20220321090716.8
041 0 |a slo 
044 |a SK 
245 1 0 |a Identifikácia klastrov v odvetviach kreatívneho priemyslu v Slovenskej republike  |c Katarína Havierniková, Boris Janský 
520 |a Štruktúra kreatívneho priemyslu v SR. Analýza a identifikovanie potenciálnych odvetví vhodných pre vznik klastrov v oblasti kreatívneho priemyslu v Slovenskej republike prostredníctvom aplikácie kvantitatívnej metódy Shift – share analýzy. 
610 2 0 |a Slovensko 
610 2 0 |a ekonomika kreatívna 
610 2 0 |a klaster 
610 2 0 |a metódy kvantitatívne 
610 2 0 |a spolupráca podnikov 
100 1 |a Havierniková, Katarína 
700 1 |a Janský, Boris